| 000 | 00801cab a2200253 4500 | ||
|---|---|---|---|
| 001 | ABS46409 | ||
| 008 | 090401t1992 xxu||||| |||| 00| 0 eng d | ||
| 035 | _a(Sirsi) u58090 | ||
| 041 | _aeng | ||
| 100 | _aWalker, D. | ||
| 245 | _aMortgages: solution or diversion? | ||
| 260 | _c1992 | ||
| 350 | _a0 | ||
| 490 |
_aMunicipal Journal _v(20) 15-21 May 1992, 16-17(2) |
||
| 520 | _aReports the controversy surrounding the rent-to-mortgage scheme announced by the government on 6 May. Critics claim that it will direct attention away from more urgent housing needs. | ||
| 650 | _aCOUNCIL HOUSING | ||
| 650 | _aOWNER-OCCUPATION | ||
| 650 | _aRENT TO MORTGAGE SCHEME | ||
| 650 | _aREPOSSESSIONS | ||
| 650 | _aRIGHT TO BUY | ||
| 690 | _aHOUSING-FINANCE | ||
| 942 | _n0 | ||
| 948 | _c04/03/1997 | ||
| 999 |
_c35439 _d35439 |
||